000 00406nam a2200157Ia 4500
005 20250529124048.0
008 241212s9999 xx 000 0 und d
020 _a9780143453895
082 _a428.1
_bPUF
100 _aPuffin
245 0 _aLearn With Pictures: Opposites||Puffin /
_cEditorial, Prhi
260 _bPenguin
_c2022
_aIndia
300 _a22 p
650 _aChildren Books
942 _cENGLISH
999 _c566479
_d566479